El Fin de la sociedad populista y la estrategia de las fuerzas armadas populares

Guardat en:
Dades bibliogràfiques
Autor principal: Riz, Liliana de
Autor corporatiu: UNAM. Instituto de Investigaciones Sociales
Format: Text
Publicat: México: UNAM
Etiquetes: Afegir etiqueta
Sense etiquetes, Sigues el primer a etiquetar aquest registre!

MARC

LEADER 00000 a a2200000 04500
001 21628
003
040
090 |a 096200  
100 |a Riz, Liliana de  
110 |a UNAM. Instituto de Investigaciones Sociales  
245 |a El Fin de la sociedad populista y la estrategia de las fuerzas armadas populares  
260 |a México:   |b UNAM  
300 |a 12 p.  
999 |c 329  |d 329